000 00654nam a2200253 a 4500
001 14338
003 BD-JhCC
005 20250304115229.0
008 250302b19622018e a|||| ||a| 001 0 eng d
020 _a9780241339824
035 _a(BD-JhCC)14338
040 _aBD-JhCC
_dBD-JhCC
041 _aenglish
082 _a821
_bWIL 2018
100 _aWilliams,William Carlos
245 _aDeath the Barber /
_cWilliam Carlos Williams.
260 _aNew York:
_bPenguin Books;
_c2018.
300 _a64 p. :
_c16 cm.
490 _aPenguin Modern: 40
500 _aPenguin Modern: 40
650 _a English poetry.
942 _2ddc
_cBK
999 _c14338
_d14338